Lyrics to 'Why You Wanna Fight?' by Bruno Mars - Statistics

General Stats
  • This quiz has been taken 42 times
  • The average score is 229 of 289
Answer Stats
Answer % Correct
baby?
100%
baby
100%
fight
100%
I
100%
it
100%
love
100%
love?
100%
make
100%
me
100%
rather
100%
to
100%
tonight?
100%
tonight
100%
wanna
100%
Why
100%
why
100%
with
100%
you
100%
You
100%
can
86%
do
86%
go
86%
in
86%
Let
86%
no
86%
right
86%
show
86%
Sweet
86%
Tell
86%
the
86%
Wouldn't
86%
your
86%
all
71%
begging
71%
call
71%
don't
71%
door
71%
for
71%
Girl
71%
girl
71%
I'm
71%
it's
71%
Just
71%
just
71%
my
71%
My
71%
not
71%
now
71%
on
71%
want
71%
We
71%
we
71%
admit
57%
Babygirl
57%
but
57%
cause
57%
crying
57%
friends
57%
gon'
57%
heart
57%
I'll
57%
is
57%
knocking
57%
loving
57%
may
57%
mine
57%
rain
57%
run
57%
start
57%
that
57%
things
57%
this
57%
was
57%
what
57%
wrong
57%
Ain't
43%
ain't
43%
apologized
43%
arms
43%
ask
43%
back
43%
can't
43%
come
43%
Come
43%
enough
43%
going
43%
hate
43%
home
43%
Home
43%
hurt
43%
If
43%
I'ma
43%
into
43%
I've
43%
keep
43%
let's
43%
like
43%
more
43%
never
43%
one
43%
out
43%
playing
43%
plead
43%
say
43%
Stop
43%
stop
43%
stopped
43%
That's
43%
them
43%
time
43%
too
43%
us
43%
work
43%
about
29%
again
29%
momma
29%
proud
29%
same
29%
tender
29%
thinking
29%
without
29%
world
29%
Yes
29%
through
14%
will
14%
No matching quizzes found
Score Distribution
Percent of People with Each Score
Percentile by Number Answered
Your Score History
You have not taken this quiz